Bateig de vela : cat : cat
Descripción Física:
1 díptic : il·lustracions en color ; 21 x 15 cm
Idioma:
Catalán
MARC
| LEADER | 00000nam a22000007a 4500 | ||
|---|---|---|---|
| 001 | 29371 | ||
| 003 | AGDB | ||
| 005 | 20260324181548.0 | ||
| 008 | 260213b spa||||| |||| 00| 0 cat d | ||
| 017 | |a B 16232-2024 | ||
| 040 | |a agdb |b cat | ||
| 110 | |a Barcelona (Catalunya : Província). Àrea d'Esports i Activitat Física |9 72776 | ||
| 245 | |a Bateig de vela |b : cat | ||
| 260 | |a Barcelona : |b Diputació de Barcelona. Àrea d'Esports i Activitat Física, |c 2024 | ||
| 300 | |a 1 díptic : |b il·lustracions en color ; |c 21 x 15 cm | ||
| 650 | 0 | |a Activitats esportives |9 65123 | |
| 650 | 0 | |a Esports aquàtics |2 Arxiu |9 29047 | |
| 650 | 0 | |a Vela |2 Arxiu |9 21407 | |
| 655 | 0 | |a Fulletons |9 55858 | |
| 942 | |2 udc |c ARXIU |n 1 | ||
| 952 | |0 0 |1 0 |2 udc |4 0 |6 FU7941 |7 1 |9 99140 |a Arxiu |b Arxiu |d 2026-02-13 |l 0 |o FU-79-41 |p 29371 |r 2026-02-13 10:08:30 |w 2026-02-13 |y ARXIU | ||
| 999 | |c 130795 |d 130795 | ||